[Event "Dublin St Andrews op-B"]
[Site "Dublin"]
[Date "2019.09.20"]
[Round "1"]
[White "Renji, Rafael Ninan"]
[Black "Byrne, Hugh"]
[Result "1-0"]
[WhiteElo "1529"]
[BlackElo "1312"]
[PlyCount "91"]
[EventDate "2019.09.20"]
[EventType "swiss"]
[EventRounds "6"]
[EventCountry "IRL"]
[SourceTitle "EXT 2020"]
[Source "ChessBase"]
[SourceDate "2019.10.17"]
[SourceVersion "1"]
[SourceVersionDate "2019.10.17"]
[SourceQuality "1"]

1. d4 Nf6 2. Bf4 e6 3. Nf3 b6 4. e3 Bb7 5. Bd3 d5 6. 0-0 Be7 7. Nbd2 0-0 8. Ne5 Nc6 9. Nxc6 Bxc6 10. Nf3 Bb7 11. c3 c5 12. Rc1 Rc8 13. Qd2 Ne4 14. Qe2 c4 15. Bxe4 dxe4 16. Nd2 Bd5 17. Qg4 f5 18. Qe2 Bg5 19. Qh5 Bxf4 20. exf4 Qe8 21. Qxe8 Rcxe8 22. Rce1 Rf6 23. Re3 Rb8 24. f3 exf3 25. Nxf3 Bxf3 26. Rfxf3 Rd8 27. Re5 Rd5 28. Rfe3 Kf7 29. Rxd5 exd5 30. Re5 Rd6 31. Rxf5+ Kg6 32. Re5 Kf7 33. Kf2 a5 34. a4 h6 35. Rf5+ Ke7 36. Re5+ Kf7 37. Ke3 Kf6 38. g4 g6 39. h4 Kf7 40. g5 hxg5 41. hxg5 Rd7 42. f5 gxf5 43. Rxf5+ Ke7 44. Kf4 Rd6 45. Re5+ Kf7 46. Kf5 1-0